Top 20 najbogatszych państw w 1950 - Statystyki

Ogólne statystyki
  • Ten quiz został rozwiązany 37 razy
  • Średni wynik to 18 z 20
Statystyki odpowiedzi
PKB w $ Państwo % Poprawnych
110 mld Kanada
100%
1455 mld USA
100%
113 mld Brazylia
97%
260 mld Francja
97%
82 mld Hiszpania
97%
347 mld Wielka Brytania
97%
147 mld Włochy
97%
59 mld Chiny
94%
161 mld Japonia
94%
81 mld Meksyk
94%
77 mld Argentyna
91%
73 mld Australia
91%
222 mld Indie
88%
510 mld Związek Sowiecki
85%
50 mld Szwecja
82%
54 mld Belgia
74%
61 mld Holandia
74%
62 mld Polska
74%
164 mld RFN
74%
106 mld NRD
59%
Nie znaleziono quizów pasujących do podanych kryteriów
Rozkład punktacji
Procent ludzi z każdym wynikiem
Percentyl według liczby udzielonych odpowiedzi
Twoja historia wyników
Nie rozwiązałeś tego quizu